000 00732nam a2200253 a 4500
001 BRCA_4997
005 20190320204909.0
008 281010s1947----fr-a######---#000-0#eng-#
041 _aeng
044 _afr
050 4 _aNK3049
_b.L43 1947
100 1 _aLejard, André
_912732
245 1 0 _aFrench tapestry
_cedited by André Lejard.
260 _aParís
_bLes Editions du Chéne
_c1947
300 _a107 p.
_bil. (algunas a color), 129 láminas
_c31 cm.
500 _aIncluye índice de ilustraciones
500 _aD103
504 _aBibliografía: p. 107
650 1 4 _aTapices franceses
_xTécnica
_912733
650 1 4 _aGobelinos
_xTécnica
_912734
650 1 4 _aTapices
_xHistoria
_95686
902 _aGFM
942 _2lcc
_cB
999 _c4691
_d4691